000 00318 a2200109 4500
001 ART_9483
005 20260410161846.0
008 260409a
245 1 0 _aEl precio de la ortodoxia
100 1 _aLagos, Ricardo
773 0 _tEl trimestre económico
_g- Vol. LII, Nº 205 (ene./mar. 1985)
_wREV6933
999 _c24590
_d24590